50 Najwyższych budynków w Polsce - Statystyki

Ogólne statystyki
  • Ten quiz został rozwiązany 11 razy
  • Średni wynik to 46 z 50
Statystyki odpowiedzi
# Nazwa Miasto Wysokość
Całkowita (m)
L. Kondygnacji % Poprawnych
1 Varso Warszawa 310 55
100%
2 PałacKultury i Nauki Warszawa 237 42
100%
4 W___Spire Warszawa 220 49
100%
6 W___ TradeTower Warszawa 208 43
100%
7 W___ Unit Warszawa 202 46
100%
8 Sky Liner Warszawa 195 45
100%
9 Q22 Warszawa 159 42
100%
10 Złota 44 Warszawa 192 54
100%
11 Rondo 1 Warszawa 192 40
100%
13 Centrum LIM Warszawa 170 42
100%
14 W___ FinancialCenter Warszawa 165 34
100%
15 InterContinental W____ Warszawa 164 45
100%
16 Cosmopolitan Warszawa 160 46
100%
17 Chałubińskiego 8 Warszawa 150 42
100%
20 Mennica LegacyTower Warszawa 141 34
100%
21 Generation Park Warszawa 140 38
100%
22 Intraco I Warszawa 138 39
100%
24 The ____ Hub Warszawa 130 31
100%
25 Spektrum Warszawa 128 30
100%
28 Forest Warszawa 120 30
100%
29 Łucka city Warszawa 120 30
100%
30 BłękitnyWieżowiec Warszawa 120 28
100%
31 Atlas tower Warszawa 116 28
100%
32 Central tower Warszawa 115 26
100%
33 Novotel W___ centrum Warszawa 111 33
100%
39 Skylight Warszawa 105 26
100%
40 Babka Tower Warszawa 105 28
100%
46 IImet Warszawa 103 22
100%
47 Świętokrzyska 35 Warszawa 103 25
100%
12 Oliwia Star Gdańsk 180 35
90%
18 Sea Towers Gdynia 142 36
90%
23 KTW II Katowice 134 31
90%
27 Altus Katowice 125 29
90%
41 Biurowiec wojewódzki Katowice 105 22
90%
45 Global Office Park Katowice 104 25
90%
37 Collegium Altum Poznań 106 22
90%
50 Andersa Tower Poznań 102 21
90%
5 Sky Tower Wrocław 212 51
90%
35 Dom Akademicki „Kredka“ Wrocław 110 23
90%
36 Bazylika Jasnogórska Częstochowa 106,3 36
80%
42 K1 Kraków 105 20
80%
49 Unity Tower Kraków 102,5 27
80%
43 BazylikaArchikatedralna św. Stanisława Kostki w Ł___ Łódź 104,5 Brak danych
80%
26 PAZIM Szczecin 128 22
80%
34 BazylikaArchikatedralna Św. Jakuba w S_____ Szczecin 110,2 Brak danych
80%
44 Hanza tower Szczecin 104 27
80%
38 Gmach lubuskiego Urzędu wojewódzkiego Gorzów Wielkopolski 106 15
70%
3 OlszynkiPark Rzeszów 220,6 41
70%
19 BazylikaNajświętszej Maryi Panny Liche_____ Licheń Stary 141,5 31
40%
48 Kościół Mariacki W C____ Chojna 102,6 Brak danych
20%
Nie znaleziono quizów pasujących do podanych kryteriów
Rozkład punktacji
Procent ludzi z każdym wynikiem
Percentyl według liczby udzielonych odpowiedzi
Twoja historia wyników
Nie rozwiązałeś tego quizu